000 01250nam a2200385 c 4500
001 465
003 ES-MaCES
005 20141221121505.0
008 960411s1991 sp ||| | spa d
017 _aM-11908-1991
_bDL
020 _a8486133955
035 _aCES19980004677m
040 _aES-MaCES
_bspa
_cES-MaCES
245 0 0 _aComentarios a la Ley de arbitraje con formularios y Jurisprudencia
_cAntonio Mª Lorca Navarrete ... [et al.] ; prólogo de Valentín Cortés Domínguez
260 _aMadrid
_bDykinson
_c1991
300 _a520 p.
_c24 cm
505 0 _aApéndice legislativo: p. 465-520
541 _cCompra
610 1 4 _aEspaña
_tLey de arbitraje
_d1988
_92898
650 4 _aarbitraje
_927302
650 4 _alaudo arbitral
_929860
650 4 _aprocedimiento judicial
_929889
650 4 _aderecho procesal
_930896
650 4 _aEspaña
_926964
650 4 _alegislación
_927153
650 4 _acomentario
_928971
650 4 _ajurisprudencia
_928624
650 4 _aformulario
_931568
653 1 0 _aDerecho
700 1 _aLorca Navarrete, Antonio María
_ecol.
_917023
700 1 _aCortés Domínguez, Valentín
_ecol.
_910033
902 _aLIB Libro
942 _2CES
_cBK
_h6.0.
999 _c465
_d465